000
00225 a2200109 4500
020
_a
9788449433498
041
_a
spa
100
_a
Paz Torrabadella
245
_a
Inteligencia emocional en el amor
942
_c
BK
952
_7
4
999
_c
19147
_d
19147